000 02419cam a22004934i 4500
003 PE-LiUPU
005 20250731172717.0
008 150617s r 000 0 d
035 _a(Sirsi) a10800
040 _aPE-LiUPU
_bspa
_cPE-LiUPU
_erda
049 _aPRUA
082 0 4 _a240
_bS61
_221
100 1 _aWhitall Smith, Hanna,
_eautor.
245 1 3 _aEl secreto de la vida cristiana feliz /
_cHanna Whitall Smith.
264 1 _aGuatemala :
_bCasa Nazarena de Publicaciones,
_c1951.
300 _a215 páginas :
_c19 cm.
336 _atext
_2rdacontent
337 _aunmediated
_2rdamedia
338 _avolume
_2rdacarrier
505 0 _a¿Es espiritual? -- Las dos fases del asunto-la divina y la humana -- Explicaciones concernientes a la vida de fe -- Cómo apropiarla y realizarla -- Dificultades concernientes a la consagración -- Dificultades concernientes a la fe -- Dificultades concernientes a la voluntad -- Dificultades en cuanto a la dirección divina -- Dificultades concernientes a las dudas -- Las tentaciones -- Fracasos -- ¿Está Dios en los acontecimientos de la vida? -- Servidumbre o libertad -- El crecimiento en la gracia -- El servicio cristiano -- Sus resultados prácticos en la vida diaria y en el trato -- El gozo de la obediencia -- Unión divina -- Las carrozas de Dios -- La vida de descanso como sobre alas.
526 _aSEG42
526 _aSEG41
526 _aSEG40
526 _aSEG39
526 _aP94
526 _aP87
526 _aP86
526 _aP85
526 _aP77
526 _aP76
526 _aP35
650 0 4 _aTEOLOGIA MORAL.
650 0 4 _aTEOLOGIA PASTORAL.
_91381
910 _ajck
_bjvq
_cjck
_d20150616
942 _2ddc
_cBOOK
949 _a240 S61
_wDEWEY
_c1
_i19749
_lCCODEBUL1
_mBUL
_p00.00
_r0
_sY
_tBOOK
_u19770623
_xTEOLOGIA
_PP35
_0COMPRA
_o.STAFF. Colección General
949 _a240 S61
_wDEWEY
_c2
_i05535
_lCCODEBUL1
_mBUL
_p00.00
_r0
_sY
_tBOOK
_u19770623
_xTEOLOGIA
_PP35
_0COMPRA
_o.STAFF. Colección General
994 _aC0
_bPEPRU
596 _a1
999 _a240 S61
_wDEWEY
_c885
_i19749
_f2021-11-10
_g5
_lCCODEBUL1
_mBUL
_r0
_sY
_tBOOK
_u2015-6-17
_xTEOLOGIA
_PP35
_0COMPRA
_o.STAFF. Colección General
_d885
999 _a240 S61
_wDEWEY
_c2
_i05535
_d2018-7-1
_f2021-11-10
_g5
_lCCODEBUL1
_mBUL
_q1
_r0
_sY
_tBOOK
_u2015-6-17
_xTEOLOGIA
_PP35
_0COMPRA
_o.STAFF. Colección General
980 _81
_gALBERTO SANCHEZ Responsable de Automatización